000 01257nam a2200301 i 4500
003 EG-GICUC
005 20260121101341.0
008 251124s1991 us ||||fr|||| 001 0 ara d
040 _a EG-GICUC
_bara
_c EG-GICUC
_d EG-GICUC
_erda
041 _aara
082 0 4 _a343.37
_bع ب . د
_221
092 0 4 _221
099 _aLaw1 10 343.37 ع ب . د 1991 1004608
100 0 _aعبد الحكم عبد البصير فودة.
_eمؤلف.
245 1 0 _aدائرة الجنح المستأنفة :
_bدراسة علمية عملية على ضوء قضاء محكمة النقض /
_cالمستشار دكتور عبد الحكم فودة.
264 1 _aالإسكندرية، مصر :
_bدار المطبوعات الجامعية،
_c1991.
300 _a446 صفحة ؛
_c24 سم.
_bإيضاحيات، صور، مثيليات ؛
336 _2rda content
_atext
337 _2rda media
_aComputer
338 _2rda carrier
_aOnline Resource
504 _aيشتمل على ارجاعات ببليوجرافية.
546 _aالنص باللغة العربية
650 1 _a المحاكمة الجنائية.
_2qrmak
651 1 _2qrmak
856 4 0 _uhttps://fll.law.cu.edu.eg/fulltext/bks/B10-04608.pdf
905 _a18
942 _2ddc
_n0
_cBK
_e21
999 _c45815
_d45815